Central Library OPAC University of Rajshahi

Indian administration / (Record no. 6155)

MARC details
000 -LEADER
fixed length control field 00845nam a2200289I 4500
001 - CONTROL NUMBER
control field 6155
003 - CONTROL NUMBER IDENTIFIER
rucl marc code BD-RjUL
005 - DATE AND TIME OF LATEST TRANSACTION
control field 20211208234208.0
008 - FIXED-LENGTH DATA ELEMENTS--GENERAL INFORMATION
fixed length control field 14 s1967 e 001 0 eng u
035 ## - SYSTEM CONTROL NUMBER
System control number MITb10503136
System control number (OCoLC)00262969
System control number (BD-RjUL)6194
040 ## - CATALOGING SOURCE
Transcribing agency OUN
Modifying agency RCD
-- BD-RjUL
Original cataloging agency BD-RjUL
Language of cataloging eng
041 ## - LANGUAGE CODE
Language code of text/sound track or separate title eng
082 04 - DEWEY DECIMAL CLASSIFICATION NUMBER
Edition number 23
Classification number 351.54
Author mark and year CHI 1967
100 1# - MAIN ENTRY--PERSONAL NAME
Personal name Chanda, Asok,
Dates associated with a name 1902-
9 (RLIN) 19373
245 10 - TITLE STATEMENT
Title Indian administration /
Statement of responsibility, etc. Asok Chanda ; with a foreword by Radhakrishnan.
250 ## - EDITION STATEMENT
Edition statement 2nd ed.
260 ## - PUBLICATION, DISTRIBUTION, ETC. (IMPRINT)
Place of publication, distribution, etc. London :
Name of publisher, distributor, etc. Allen and Unwin,
Date of publication, distribution, etc. 1967.
300 ## - PHYSICAL DESCRIPTION
Pagination 255 p. ;
Size 22 cm.
504 ## - BIBLIOGRAPHY, ETC. NOTE
Bibliography, etc Includes index.
651 #0 - SUBJECT ADDED ENTRY--GEOGRAPHIC NAME
Geographic name India
General subdivision Politics and government
Chronological subdivision 1947-
9 (RLIN) 19374
Geographic name India
Geographic subdivision Administration.
9 (RLIN) 157855
700 ## - ADDED ENTRY--PERSONAL NAME
Personal name Radhakrishnan, Foreworder
942 ## - ADDED ENTRY ELEMENTS (KOHA)
Source of classification or shelving scheme Dewey Decimal Classification
Koha item type Books
949 ## - LOCAL PROCESSING INFORMATION (OCLC)
a MYGD
Holdings
Lost status Source of classification or shelving scheme Damaged status Not for loan Collection code Permanent Location Current Location Shelving location Date acquired Source of acquisition Cost, normal purchase price Total Checkouts Full call number Date last seen Copy number Koha item type
  Dewey Decimal Classification   Not For Loan Non-fiction Central Library, University of Rajshahi Central Library, University of Rajshahi Reading Room 03/08/1972 Book Centre, Dhaka 35.20   351.54 CHI 1967 09/01/2014 C-1 Books
  Dewey Decimal Classification     Non-fiction Central Library, University of Rajshahi Central Library, University of Rajshahi   17/10/1968 Zeitlinger. 32.00   351.54 CHI 1967 17/08/2016 C-3 Books
  Dewey Decimal Classification     Non-fiction Central Library, University of Rajshahi Central Library, University of Rajshahi   23/05/1968 Sweets and Zeithlinger 18.00   351.54 CHI 1967 20/08/2016 C-4 Books
  Dewey Decimal Classification     Non-fiction Central Library, University of Rajshahi Central Library, University of Rajshahi   23/05/1968 Sweets and Zeithlinger 18.00   351.54 CHI 1967 20/08/2016 C-5 Books
  Dewey Decimal Classification     Non-fiction Central Library, University of Rajshahi Central Library, University of Rajshahi   23/05/1968 Sweets and Zeithlinger 18.00   351.54 CHI 1967 20/08/2016 C-6 Books
  Dewey Decimal Classification     Non-fiction Central Library, University of Rajshahi Central Library, University of Rajshahi   19/06/1974 Indian Govt.     351.54 CHI 1967 20/08/2016 C-7 Books
  Dewey Decimal Classification     Non-fiction Central Library, University of Rajshahi Central Library, University of Rajshahi   19/09/1968 Zeithlinger 32.00   351.54 CHI 1967 20/08/2016 C-8 Books
  Dewey Decimal Classification     Non-fiction Central Library, University of Rajshahi Central Library, University of Rajshahi   25/09/1968 Zeithlinger 18.00   351.54 CHI 1967 20/08/2016 C-9 Books
  Dewey Decimal Classification     Non-fiction Central Library, University of Rajshahi Central Library, University of Rajshahi   23/05/1968 Sweets and Zeithlinger 18.00   351.54 CHI 1967 20/08/2016 C-10 Books
  Dewey Decimal Classification     Non-fiction Central Library, University of Rajshahi Central Library, University of Rajshahi   23/05/1968 Sweets & Zeitlinger 18.00   351.54 CHI 1967 14/11/2016 C-2 Books